000 00418nam a2200145Ia 4500
001 3985
008 241024s9999 xx 000 0 und d
020 _a978-9945-462-75-3
082 _aRD/923.97293/C697t/2014
100 _aMiguel Collado
245 0 _aTributo a Hostos (Textos en su memoria)
260 _bPublicaciones de la Comisión de Efemérides Patris
_c2014
901 _a30/4/2015 1:33:50 a.m.
999 _c7633
_d7633